Trabzonspor Full Squads (2000-) - Statistics

General Stats
  • This quiz has been taken 110 times
  • The average score is 195 of 625
Answer Stats
Year # Pos/Country Answer % Correct
2009-2010 17 FW Burak Yılmaz
79%
2010-2011 17 FW Burak Yılmaz
79%
2011-2012 17 FW Burak Yılmaz
79%
2017-2018 17 FW Burak Yılmaz
79%
2018-2019 17 FW Burak Yılmaz
79%
2014-2015 18 FW Deniz Yılmaz
79%
2002-2003 17 FW Mehmet Yılmaz
79%
2003-2004 10 FW Mehmet Yılmaz
79%
2004-2005 10 FW Mehmet Yılmaz
79%
2005-2006 10 FW Mehmet Yılmaz
79%
2001-2002 70 FW Nuri Yılmaz
77%
2014-2015 9 FW Sefa Yılmaz
77%
2015-2016 9 FW Sefa Yılmaz
77%
2017-2018 96 GK Uğurcan Çakır
74%
2018-2019 96 GK Uğurcan Çakır
74%
2019-2020 1 GK Uğurcan Çakır
74%
2020-2021 1 GK Uğurcan Çakır
74%
2021-2022 1 GK Uğurcan Çakır
74%
2022-2023 1 GK Uğurcan Çakır
74%
2023-2024 1 GK Uğurcan Çakır
74%
2024-2025 1 GK Uğurcan Çakır
74%
2021-2022 17 MF Marek Hamsik
70%
2022-2023 17 MF Marek Hamsik
70%
2020-2021 11 MF Anastasios Bakasetas
68%
2021-2022 11 MF Anastasios Bakasetas
68%
2022-2023 11 MF Anastasios Bakasetas
68%
2023-2024 11 MF Anastasios Bakasetas
68%
2019-2020 11 FW Alexander Sørloth
66%
2021-2022 18 FW Edin Visca
66%
2022-2023 7 FW Edin Visca
66%
2023-2024 7 FW Edin Visca
66%
2024-2025 7 FW Edin Visca
66%
2017-2018 8 MF José Sosa
66%
2018-2019 8 MF José Sosa
66%
2019-2020 8 MF José Sosa
66%
2018-2019 99 FW Anthony Nwakaeme
64%
2019-2020 9 FW Anthony Nwakaeme
64%
2020-2021 9 FW Anthony Nwakaeme
64%
2021-2022 9 FW Anthony Nwakaeme
64%
2024-2025 9 FW Anthony Nwakaeme
64%
2017-2018 19 MF Abdülkadir Ömür
62%
2018-2019 61 MF Abdülkadir Ömür
62%
2019-2020 10 MF Abdülkadir Ömür
62%
2020-2021 10 MF Abdülkadir Ömür
62%
2021-2022 10 MF Abdülkadir Ömür
62%
2022-2023 10 MF Abdülkadir Ömür
62%
2023-2024 10 MF Abdülkadir Ömür
62%
2007-2008 35 GK Onur Kıvrak
62%
2008-2009 35 GK Onur Kıvrak
62%
2009-2010 35 GK Onur Kıvrak
62%
2010-2011 35 GK Onur Kıvrak
62%
2011-2012 1 GK Onur Kıvrak
62%
2012-2013 1 GK Onur Kıvrak
62%
2013-2014 1 GK Onur Kıvrak
62%
2015-2016 1 GK Onur Kıvrak
62%
2016-2017 1 GK Onur Kıvrak
62%
2017-2018 1 GK Onur Kıvrak
62%
2018-2019 1 GK Onur Kıvrak
62%
2013-2014 3 DF Bosingwa
60%
2014-2015 3 DF Bosingwa
60%
2015-2016 3 DF Bosingwa
60%
2022-2023 27 FW Mahmoud Trezeguet
60%
2023-2024 27 FW Mahmoud Trezeguet
60%
2024-2025 10 FW Mahmoud Trezeguet
60%
2021-2022 6 MF Manolis Siopis
60%
2022-2023 6 MF Manolis Siopis
60%
2010-2011 88 FW Mehmet Çakır
60%
2024-2025 11 MF Ozan Tufan
57%
2024-2025 15 DF Stefan Savic
57%
2021-2022 14 FW Andreas Cornelius
55%
2022-2023 14 FW Andreas Cornelius
55%
2015-2016 35 MF Aytaç Kara
55%
2016-2017 35 MF Aytaç Kara
55%
2022-2023 29 MF Enis Bardhi
55%
2023-2024 8 MF Enis Bardhi
55%
2024-2025 8 MF Enis Bardhi
55%
2008-2009 20 MF Gustavo Colman
55%
2009-2010 20 MF Gustavo Colman
55%
2010-2011 20 MF Gustavo Colman
55%
2011-2012 20 MF Gustavo Colman
55%
2012-2013 20 MF Gustavo Colman
55%
2013-2014 20 MF Gustavo Colman
55%
2018-2019 5 DF Majid Hosseini
55%
2019-2020 5 DF Majid Hosseini
55%
2020-2021 5 DF Majid Hosseini
55%
2008-2009 8 MF Selçuk İnan
55%
2009-2010 8 MF Selçuk İnan
55%
2010-2011 8 MF Selçuk İnan
55%
2017-2018 77 DF Filip Novak
53%
2018-2019 77 DF Filip Novak
53%
2019-2020 77 DF Filip Novak
53%
2000-2001 61 FW Gökdeniz Karadeniz
53%
2001-2002 61 FW Gökdeniz Karadeniz
53%
2002-2003 61 FW Gökdeniz Karadeniz
53%
2003-2004 61 FW Gökdeniz Karadeniz
53%
2004-2005 61 FW Gökdeniz Karadeniz
53%
2005-2006 61 FW Gökdeniz Karadeniz
53%
2006-2007 61 FW Gökdeniz Karadeniz
53%
2007-2008 61 FW Gökdeniz Karadeniz
53%
2016-2017 28 FW Hugo Rodallega
53%
2017-2018 28 FW Hugo Rodallega
53%
2018-2019 7 FW Hugo Rodallega
53%
2003-2004 11 FW İbrahim Yattara
53%
2004-2005 11 FW İbrahim Yattara
53%
2005-2006 11 FW İbrahim Yattara
53%
2006-2007 11 FW İbrahim Yattara
53%
2007-2008 11 FW İbrahim Yattara
53%
2008-2009 11 FW İbrahim Yattara
53%
2009-2010 61 FW İbrahim Yattara
53%
2010-2011 61 FW İbrahim Yattara
53%
2024-2025 10 MF Muhammed Cham
53%
2014-2015 7 FW Óscar Cardozo
53%
2015-2016 7 FW Óscar Cardozo
53%
2023-2024 30 FW Paul Onuachu
53%
2008-2009 25 MF Alanzinho
51%
2009-2010 25 MF Alanzinho
51%
2010-2011 25 MF Alanzinho
51%
2011-2012 25 MF Alanzinho
51%
2012-2013 25 MF Alanzinho
51%
2014-2015 99 FW Erkan Zengin
51%
2015-2016 21 FW Erkan Zengin
51%
2002-2003 9 FW Fatih Tekke
51%
2003-2004 9 FW Fatih Tekke
51%
2004-2005 9 FW Fatih Tekke
51%
2005-2006 9 FW Fatih Tekke
51%
2024-2025 22 FW Oleksandr Zubkov
51%
2004-2005 23 GK Tolga Zengin
51%
2005-2006 29 GK Tolga Zengin
51%
2006-2007 29 GK Tolga Zengin
51%
2007-2008 29 GK Tolga Zengin
51%
2008-2009 29 GK Tolga Zengin
51%
2009-2010 29 GK Tolga Zengin
51%
2010-2011 29 GK Tolga Zengin
51%
2011-2012 29 GK Tolga Zengin
51%
2012-2013 29 GK Tolga Zengin
51%
2006-2007 10 FW Umut Bulut
51%
2007-2008 10 FW Umut Bulut
51%
2008-2009 10 FW Umut Bulut
51%
2009-2010 10 FW Umut Bulut
51%
2010-2011 10 FW Umut Bulut
51%
2018-2019 19 MF Abdulkadir Parmak
49%
2019-2020 61 MF Abdulkadir Parmak
49%
2020-2021 61 MF Abdulkadir Parmak
49%
2024-2025 14 FW Danylo Sikan
49%
2020-2021 32 DF Edgar Ié
49%
2021-2022 32 DF Edgar Ié
49%
2024-2025 17 FW Simon Banza
49%
2021-2022 24 DF Stefano Denswil
49%
2022-2023 24 DF Stefano Denswil
49%
2023-2024 24 DF Stefano Denswil
49%
2024-2025 24 DF Stefano Denswil
49%
2018-2019 4 DF Hüseyin Türkmen
47%
2019-2020 4 DF Hüseyin Türkmen
47%
2020-2021 4 DF Hüseyin Türkmen
47%
2021-2022 4 DF Hüseyin Türkmen
47%
2022-2023 4 DF Hüseyin Türkmen
47%
2023-2024 4 DF Hüseyin Türkmen
47%
2010-2011 50 FW Jajá
47%
2016-2017 47 DF João Pereira
47%
2017-2018 47 DF João Pereira
47%
2018-2019 47 DF João Pereira
47%
2019-2020 47 DF João Pereira
47%
2020-2021 47 DF João Pereira
47%
2003-2004 7 MF Kurt Van De Paar
47%
2022-2023 3 DF Marc Bartra
47%
2016-2017 97 MF Yusuf Yazıcı
47%
2017-2018 97 MF Yusuf Yazıcı
47%
2018-2019 97 MF Yusuf Yazıcı
47%
2022-2023 61 MF Yusuf Yazıcı
47%
2013-2014 4 DF Aykut Demir
45%
2014-2015 4 DF Aykut Demir
45%
2015-2016 4 DF Aykut Demir
45%
2023-2024 6 MF Batista Mendy
45%
2024-2025 6 MF Batista Mendy
45%
2020-2021 21 FW Djaniny
45%
2021-2022 21 FW Djaniny
45%
2022-2023 21 FW Djaniny
45%
2015-2016 92 FW Muhammet Demir
45%
2016-2017 10 FW Muhammet Demir
45%
2020-2021 13 DF Vitor Hugo
45%
2021-2022 13 DF Vitor Hugo
45%
2022-2023 13 DF Vitor Hugo
45%
2007-2008 77 GK Ahmet Şahin
43%
2024-2025 44 DF Arseniy Batagov
43%
2018-2019 18 FW Caleb Ekuban
43%
2019-2020 18 FW Caleb Ekuban
43%
2020-2021 18 FW Caleb Ekuban
43%
2015-2016 5 MF Okay Yokuşlu
43%
2016-2017 5 MF Okay Yokuşlu
43%
2017-2018 5 MF Okay Yokuşlu
43%
2024-2025 35 MF Okay Yokuşlu
43%
2013-2014 15 FW Florent Malouda
40%
2022-2023 30 FW Maxi Gómez
40%
2016-2017 20 FW Olcay Şahan
40%
2017-2018 10 FW Olcay Şahan
40%
2018-2019 10 FW Olcay Şahan
40%
2019-2020 19 FW Daniel Sturridge
38%
2024-2025 70 FW Denis Drăguș
38%
2008-2009 16 DF Egemen Korkmaz
38%
2009-2010 16 DF Egemen Korkmaz
38%
2010-2011 16 DF Egemen Korkmaz
38%
2022-2023 18 DF Eren Elmalı
38%
2023-2024 18 DF Eren Elmalı
38%
2024-2025 18 DF Eren Elmalı
38%
2024-2025 5 MF John Lundstram
38%
2014-2015 8 MF Mehmet Ekici
38%
2015-2016 8 MF Mehmet Ekici
38%
2016-2017 8 MF Mehmet Ekici
38%
2023-2024 29 FW Nicolas Pépé
38%
2016-2017 17 MF Ogenyi Onazi
38%
2017-2018 20 MF Ogenyi Onazi
38%
2018-2019 20 MF Ogenyi Onazi
38%
2024-2025 79 DF Pedro Malheiro
38%
2019-2020 90 DF Serkan Asan
38%
2020-2021 99 DF Serkan Asan
38%
2021-2022 99 DF Serkan Asan
38%
2021-2022 33 DF Bruno Peres
36%
2022-2023 33 DF Bruno Peres
36%
2011-2012 15 MF Didier Zokora
36%
2012-2013 15 MF Didier Zokora
36%
2013-2014 5 MF Didier Zokora
36%
2009-2010 5 MF Engin Baytar
36%
2010-2011 5 MF Engin Baytar
36%
2023-2024 94 FW Enis Destan
36%
2024-2025 94 FW Enis Destan
36%
2000-2001 10 FW Hami Mandıralı
36%
2001-2002 10 FW Hami Mandıralı
36%
2015-2016 39 DF Luis Pedro Cavanda
36%
2024-2025 19 DF Mustafa Eskihellaç
36%
2014-2015 38 DF Salih Dursun
36%
2015-2016 24 DF Salih Dursun
36%
2011-2012 80 FW Volkan Şen
36%
2012-2013 40 FW Volkan Şen
36%
2013-2014 7 FW Volkan Şen
36%
2019-2020 33 DF Abdurrahim Dursun
34%
2021-2022 8 MF Dorukhan Toköz
34%
2022-2023 8 MF Dorukhan Toköz
34%
2016-2017 11 FW Fabián Castillo
34%
2017-2018 11 FW Fabián Castillo
34%
2021-2022 27 FW Gervinho
34%
2022-2023 19 DF Jens Stryger Larsen
34%
2023-2024 19 DF Jens Stryger Larsen
34%
2019-2020 12 MF John Obi Mikel
34%
2015-2016 19 MF Marko Marin
34%
2011-2012 92 FW Olcan Adın
34%
2012-2013 92 FW Olcan Adın
34%
2013-2014 29 FW Olcan Adın
34%
2024-2025 29 DF Serdar Saatçı
34%
2000-2001 2 MF Sergen Yalçın
34%
2007-2008 30 DF Serkan Balcı
34%
2008-2009 30 DF Serkan Balcı
34%
2009-2010 30 DF Serkan Balcı
34%
2010-2011 30 DF Serkan Balcı
34%
2011-2012 30 DF Serkan Balcı
34%
2012-2013 30 DF Serkan Balcı
34%
2022-2023 9 FW Umut Bozok
34%
2023-2024 9 FW Umut Bozok
34%
2024-2025 77 DF Arif Boşluk
32%
2020-2021 79 FW Benik Afobe
32%
2016-2017 3 DF Emmanuel Más
32%
2017-2018 3 DF Emmanuel Más
32%
2001-2002 55 DF Georgi Markov
32%
2008-2009 9 FW Gökhan Ünal
32%
2009-2010 9 FW Gökhan Ünal
32%
2002-2003 5 MF Hüseyin Çimşir
32%
2003-2004 5 MF Hüseyin Çimşir
32%
2004-2005 5 MF Hüseyin Çimşir
32%
2005-2006 5 MF Hüseyin Çimşir
32%
2006-2007 5 MF Hüseyin Çimşir
32%
2007-2008 5 MF Hüseyin Çimşir
32%
2008-2009 5 MF Hüseyin Çimşir
32%
2016-2017 4 DF Jan Durica
32%
2017-2018 4 DF Jan Durica
32%
2021-2022 77 FW Jean Evrard Kouassi
32%
2017-2018 33 MF Juraj Kucka
32%
2018-2019 33 MF Juraj Kucka
32%
2022-2023 50 FW Lazar Markovic
32%
2019-2020 27 DF Manuel da Costa
32%
2008-2009 4 DF Rigobert Song
32%
2009-2010 4 DF Rigobert Song
32%
2023-2024 23 MF Umut Güneş
32%
2024-2025 23 MF Umut Güneş
32%
2020-2021 2 MF Berat Özdemir
30%
2021-2022 5 MF Berat Özdemir
30%
2023-2024 5 MF Berat Özdemir
30%
2014-2015 6 DF Carl Medjani
30%
2015-2016 6 DF Carl Medjani
30%
2016-2017 6 DF Carl Medjani
30%
2008-2009 6 MF Ceyhun Gülselam
30%
2009-2010 6 MF Ceyhun Gülselam
30%
2010-2011 6 MF Ceyhun Gülselam
30%
2024-2025 61 FW Cihan Çanak
30%
2008-2009 3 DF Hrvoje Cale
30%
2009-2010 3 DF Hrvoje Cale
30%
2010-2011 3 DF Hrvoje Cale
30%
2020-2021 8 MF Lewis Baker
30%
2020-2021 3 DF Marlon
30%
2010-2011 22 DF Mustafa Yumlu
30%
2011-2012 22 DF Mustafa Yumlu
30%
2012-2013 22 DF Mustafa Yumlu
30%
2013-2014 22 DF Mustafa Yumlu
30%
2015-2016 22 DF Mustafa Yumlu
30%
2016-2017 22 DF Mustafa Yumlu
30%
2013-2014 32 FW Yusuf Erdoğan
30%
2014-2015 32 FW Yusuf Erdoğan
30%
2015-2016 32 FW Yusuf Erdoğan
30%
2016-2017 32 FW Yusuf Erdoğan
30%
2021-2022 20 FW Yusuf Erdoğan
30%
2019-2020 20 FW Yusuf Sarı
30%
2020-2021 7 FW Yusuf Sarı
30%
2021-2022 7 FW Yusuf Sarı
30%
2013-2014 19 MF Abdulkadir Özdemir
28%
2019-2020 15 MF Badou Ndiaye
28%
2019-2020 21 MF Doğan Erdoğan
28%
2015-2016 23 GK Esteban Alvarado
28%
2016-2017 23 GK Esteban Alvarado
28%
2017-2018 23 GK Esteban Alvarado
28%
2011-2012 9 MF Halil Altıntop
28%
2012-2013 21 MF Halil Altıntop
28%
2013-2014 21 MF Özer Hurmacı
28%
2014-2015 10 MF Özer Hurmacı
28%
2015-2016 10 MF Özer Hurmacı
28%
2022-2023 54 GK Taha Tepe
28%
2023-2024 54 GK Taha Tepe
28%
2023-2024 14 FW Taxiarchis Fountas
28%
2023-2024 12 DF Thomas Meunier
28%
2012-2013 91 DF Zeki Yavru
28%
2013-2014 61 DF Zeki Yavru
28%
2014-2015 61 DF Zeki Yavru
28%
2016-2017 2 DF Zeki Yavru
28%
2018-2019 91 DF Zeki Yavru
28%
2002-2003 13 MF Eul-yong Lee
26%
2004-2005 13 MF Eul-yong Lee
26%
2005-2006 19 MF Eul-yong Lee
26%
2023-2024 3 DF Joaquín Fernández
26%
2002-2003 23 GK Michael Petkovic
26%
2003-2004 1 GK Michael Petkovic
26%
2004-2005 1 GK Michael Petkovic
26%
2009-2010 90 FW Teófilo Gutiérrez
26%
2010-2011 9 FW Teófilo Gutiérrez
26%
2021-2022 70 DF Ahmetcan Kaplan
23%
2021-2022 15 DF Anders Trondsen
23%
2015-2016 14 FW Dame N'Doye
23%
2016-2017 14 FW Dame N'Doye
23%
2017-2018 14 FW Dame N'Doye
23%
2019-2020 7 FW Donis Avdijaj
23%
2019-2020 22 DF Gastón Campi
23%
2020-2021 22 DF Gastón Campi
23%
2008-2009 23 DF Giray Kaçar
23%
2009-2010 23 DF Giray Kaçar
23%
2010-2011 23 DF Giray Kaçar
23%
2011-2012 23 DF Giray Kaçar
23%
2012-2013 23 DF Giray Kaçar
23%
2013-2014 23 DF Giray Kaçar
23%
2016-2017 9 FW Hyun-jun Suk
23%
2005-2006 1 GK Jefferson
23%
2006-2007 1 GK Jefferson
23%
2007-2008 1 GK Jefferson
23%
2014-2015 86 FW Mustapha Yatabaré
23%
2009-2010 41 DF Ömer Aysan Barış
23%
2011-2012 28 DF Ondrej Celustka
23%
2012-2013 28 DF Ondrej Celustka
23%
2011-2012 12 FW Paulo Henrique
23%
2012-2013 12 FW Paulo Henrique
23%
2013-2014 12 FW Paulo Henrique
23%
2017-2018 18 DF Tomas Hubocan
23%
2018-2019 9 FW Vahid Amiri
23%
2011-2012 10 MF Adrian Mierzejewski
21%
2012-2013 10 MF Adrian Mierzejewski
21%
2013-2014 10 MF Adrian Mierzejewski
21%
2002-2003 24 DF Erdinç Yavuz
21%
2003-2004 38 DF Erdinç Yavuz
21%
2004-2005 38 DF Erdinç Yavuz
21%
2005-2006 38 DF Erdinç Yavuz
21%
2006-2007 38 DF Erdinç Yavuz
21%
2007-2008 38 DF Erdinç Yavuz
21%
2019-2020 14 DF Ivanildo Fernandes
21%
2016-2017 21 MF Matus Bero
21%
2017-2018 21 MF Matus Bero
21%
2001-2002 15 MF Mehmet Aurélio
21%
2002-2003 15 MF Mehmet Aurélio
21%
2010-2011 32 FW Pawel Brozek
21%
2011-2012 32 FW Pawel Brozek
21%
2010-2011 14 DF Piotr Brozek
21%
2012-2013 6 DF Sol Bamba
21%
2013-2014 6 DF Sol Bamba
21%
2021-2022 72 DF Tymoteusz Puchacz
21%
2020-2021 29 MF Yunus Mallı
21%
2018-2019 15 DF Zargo Touré
21%
2010-2011 4 DF Arkadiusz Glowacki
19%
2011-2012 6 DF Arkadiusz Glowacki
19%
2023-2024 21 MF Dimitrios Kourbelis
19%
2019-2020 16 GK Erce Kardeşler
19%
2020-2021 16 GK Erce Kardeşler
19%
2014-2015 21 DF Essaïd Belkalem
19%
2014-2015 26 GK Fatih Öztürk
19%
2000-2001 4 DF Güngör Öztürk
19%
2001-2002 4 DF Güngör Öztürk
19%
2014-2015 68 DF İshak Doğan
19%
2021-2022 23 MF İsmail Köybaşı
19%
2022-2023 25 MF Jean-Philippe Gbamin
19%
2014-2015 28 FW Majeed Waris
19%
2012-2013 83 FW Marc Janko
19%
2013-2014 83 FW Marc Janko
19%
2015-2016 25 MF Stéphane Mbia
19%
2002-2003 18 DF Tayfun Cora
19%
2003-2004 18 DF Tayfun Cora
19%
2004-2005 18 DF Tayfun Cora
19%
2005-2006 18 DF Tayfun Cora
19%
2007-2008 18 DF Tayfun Cora
19%
2008-2009 18 DF Tayfun Cora
19%
2009-2010 18 DF Tayfun Cora
19%
2010-2011 18 DF Tayfun Cora
19%
2018-2019 13 GK Arda Akbulut
17%
2006-2007 4 DF Çağdaş Atan
17%
2007-2008 4 DF Çağdaş Atan
17%
2006-2007 20 MF Ceyhun Eriş
17%
2007-2008 20 MF Ceyhun Eriş
17%
2009-2010 33 FW Drago Gabric
17%
2003-2004 34 DF Emrah Eren
17%
2004-2005 34 DF Emrah Eren
17%
2005-2006 34 DF Emrah Eren
17%
2013-2014 9 FW Emre Güral
17%
2005-2006 3 DF Fatih Akyel
17%
2006-2007 3 DF Fatih Akyel
17%
2023-2024 32 DF Filip Benkovic
17%
2020-2021 24 MF Flávio
17%
2014-2015 11 DF Kévin Constant
17%
2015-2016 11 DF Kévin Constant
17%
2011-2012 5 DF Marek Cech
17%
2012-2013 5 DF Marek Cech
17%
2004-2005 7 MF Miroslaw Szymkowiak
17%
2005-2006 7 MF Miroslaw Szymkowiak
17%
2006-2007 7 MF Miroslaw Szymkowiak
17%
2005-2006 21 FW Tomas Jun
17%
2000-2001 8 MF Abdülkadir Demirci
15%
2006-2007 12 MF Ayman Abdelaziz
15%
2007-2008 12 MF Ayman Abdelaziz
15%
2015-2016 2 DF Douglas
15%
2006-2007 28 FW Ersen Martin
15%
2020-2021 17 FW Fousseni Diabaté
15%
2019-2020 6 MF Guilherme
15%
2016-2017 7 DF Güray Vural
15%
2014-2015 12 GK Hakan Arıkan
15%
2001-2002 67 MF Hasan Üçüncü
15%
2002-2003 19 MF Hasan Üçüncü
15%
2003-2004 19 MF Hasan Üçüncü
15%
2004-2005 6 MF Hasan Üçüncü
15%
2005-2006 6 MF Hasan Üçüncü
15%
2006-2007 6 MF Hasan Üçüncü
15%
2007-2008 6 MF Hasan Üçüncü
15%
2016-2017 88 DF Luis Ibáñez
15%
2018-2019 88 DF Luis Ibáñez
15%
2006-2007 16 DF Musa Büyük
15%
2007-2008 16 DF Musa Büyük
15%
2013-2014 33 DF Mustafa Akbaş
15%
2014-2015 14 DF Mustafa Akbaş
15%
2016-2017 25 DF Mustafa Akbaş
15%
2017-2018 25 DF Mustafa Akbaş
15%
2018-2019 27 DF Mustafa Akbaş
15%
2002-2003 64 DF Serkan Kılıç
15%
2008-2009 1 GK Tony Sylva
15%
2009-2010 1 GK Tony Sylva
15%
2013-2014 55 MF Alexandru Bourceanu
13%
2014-2015 30 DF Avraam Papadopoulos
13%
2011-2012 24 MF Aykut Akgün
13%
2012-2013 18 MF Aykut Akgün
13%
2013-2014 18 MF Aykut Akgün
13%
2022-2023 34 MF Doğucan Haspolat
13%
2003-2004 33 MF Emre Toraman
13%
2000-2001 11 MF Erman Özgür
13%
2001-2002 11 MF Erman Özgür
13%
2002-2003 11 MF Erman Özgür
13%
2014-2015 66 MF Fatih Atik
13%
2006-2007 33 DF Fredrik Risp
13%
2003-2004 25 MF İbrahim Ege
13%
2004-2005 25 MF İbrahim Ege
13%
2011-2012 27 MF Marek Sapara
13%
2012-2013 27 MF Marek Sapara
13%
2023-2024 50 MF Mehmet Aydın
13%
2014-2015 77 DF Musa Nizam
13%
2015-2016 77 DF Musa Nizam
13%
2000-2001 33 MF Nesim Özgür
13%
2023-2024 2 DF Rayyan Baniya
13%
2009-2010 28 DF Razundara Tjikuzu
13%
2011-2012 70 FW Sercan Kaya
13%
2012-2013 14 MF Soner Aydoğdu
13%
2013-2014 8 MF Soner Aydoğdu
13%
2014-2015 20 MF Soner Aydoğdu
13%
2017-2018 7 FW Théo Bongonda
13%
2012-2013 11 FW Yasin Öztekin
13%
2004-2005 66 MF Adem Koçak
11%
2005-2006 66 MF Adem Koçak
11%
2003-2004 29 FW Augustine Ahinful
11%
2004-2005 15 FW Augustine Ahinful
11%
2010-2011 21 MF Barış Ataş
11%
2011-2012 21 MF Barış Ataş
11%
2007-2008 90 FW Barış Memiş
11%
2008-2009 61 FW Barış Memiş
11%
2009-2010 11 FW Barış Memiş
11%
2017-2018 16 MF Batuhan Artarslan
11%
2018-2019 16 MF Batuhan Artarslan
11%
2004-2005 8 MF Bernd Thijs
11%
2020-2021 45 FW Bilal Başaçıkoğlu
11%
2013-2014 88 DF Caner Osmanpaşa
11%
2004-2005 99 DF Celaleddin Koçak
11%
2005-2006 99 DF Celaleddin Koçak
11%
2006-2007 99 DF Celaleddin Koçak
11%
2007-2008 99 DF Celaleddin Koçak
11%
2012-2013 86 DF Émerson Conceição
11%
2005-2006 85 DF Ferhat Çökmüş
11%
2006-2007 85 DF Ferhat Çökmüş
11%
2007-2008 85 DF Ferhat Çökmüş
11%
2008-2009 85 DF Ferhat Çökmüş
11%
2009-2010 15 DF Ferhat Öztorun
11%
2010-2011 66 DF Ferhat Öztorun
11%
2011-2012 63 DF Ferhat Öztorun
11%
2001-2002 8 MF Hans Somers
11%
2002-2003 8 MF Hans Somers
11%
2003-2004 8 MF Hans Somers
11%
2008-2009 14 FW Isaac Promise
11%
2017-2018 2 DF Kamil Ahmet Çörekçi
11%
2018-2019 2 DF Kamil Ahmet Çörekçi
11%
2019-2020 2 DF Kamil Ahmet Çörekçi
11%
2020-2021 23 DF Kamil Ahmet Çörekçi
11%
2005-2006 55 DF Milan Stepanov
11%
2006-2007 55 DF Milan Stepanov
11%
2000-2001 29 FW Oktay Derelioğlu
11%
2005-2006 88 FW Ömer Riza
11%
2006-2007 8 FW Ömer Riza
11%
2007-2008 8 FW Ömer Riza
11%
2000-2001 6 MF Orhan Çıkırıkçı
11%
2002-2003 16 DF Oumar Dieng
11%
2003-2004 14 DF Oumar Dieng
11%
2011-2012 11 FW Róbert Vittek
11%
2012-2013 7 FW Róbert Vittek
11%
2015-2016 33 DF Serge Akakpo
11%
2003-2004 28 DF Tolga Seyhan
11%
2004-2005 28 DF Tolga Seyhan
11%
2007-2008 44 DF Tolga Seyhan
11%
2011-2012 40 MF Torric Jebrin
11%
2014-2015 15 DF Uğur Demirok
11%
2016-2017 15 DF Uğur Demirok
11%
2017-2018 15 DF Uğur Demirok
11%
2012-2013 3 DF Abdullah Karmil
9%
2007-2008 13 MF Adnan Güngör
9%
2008-2009 13 MF Adnan Güngör
9%
2001-2002 26 FW Alban Bushi
9%
2002-2003 14 FW Alban Bushi
9%
2005-2006 17 FW Ardijan Djokaj
9%
2007-2008 15 DF Daouda Jabi
9%
2007-2008 7 FW Ergin Keleş
9%
2008-2009 99 FW Ergin Keleş
9%
2008-2009 17 MF Faty Papy
9%
2008-2009 2 DF Göksu Alhas
9%
2002-2003 38 MF Hakkı Daş
9%
2003-2004 26 GK Hasan Sönmez
9%
2004-2005 22 GK Hasan Sönmez
9%
2013-2014 99 DF Kadir Keleş
9%
2003-2004 24 DF Karel D'Haene
9%
2004-2005 24 DF Karel D'Haene
9%
2000-2001 38 DF Kenan Başkan
9%
2006-2007 14 FW Kiki Musampa
9%
2001-2002 49 DF Kürşat Duymuş
9%
2005-2006 49 DF Kürşat Duymuş
9%
2000-2001 13 DF Macit Güven
9%
2001-2002 3 DF Macit Güven
9%
2002-2003 6 DF Macit Güven
9%
2006-2007 30 MF Marcelinho Paraíba
9%
2001-2002 13 MF Marcio Jarro
9%
2001-2002 25 MF Mehmet Kahraman
9%
2002-2003 20 MF Mehmet Kahraman
9%
2000-2001 22 GK Metin Aktaş
9%
2001-2002 1 GK Metin Aktaş
9%
2006-2007 22 DF Murat Ocak
9%
2006-2007 32 DF Mustafa Keçeli
9%
2007-2008 32 DF Mustafa Keçeli
9%
2000-2001 5 DF Osman Özköylü
9%
2001-2002 5 DF Osman Özköylü
9%
2003-2004 6 DF Recep Asıl
9%
2002-2003 29 FW Selahattin Kınalı
9%
2009-2010 27 MF Sezer Badur
9%
2010-2011 26 MF Sezer Badur
9%
2000-2001 77 MF Todor Yanchev
9%
2004-2005 21 FW Ufuk Bayraktar
9%
2005-2006 20 DF Ufukhan Bayraktar
9%
2006-2007 13 DF Ufukhan Bayraktar
9%
2008-2009 89 GK Zeki Ayvaz
9%
2000-2001 72 FW Alexander Löbe
6%
2002-2003 21 FW Ali Kandil
6%
2003-2004 21 FW Ali Kandil
6%
2015-2016 64 DF Alper Uludağ
6%
2001-2002 36 FW Augustine James
6%
2001-2002 17 MF Biula
6%
2001-2002 35 GK Bülent Ataman
6%
2000-2001 19 DF Cem Beceren
6%
2001-2002 34 DF Cem Beceren
6%
2003-2004 17 DF Emre Aygün
6%
2000-2001 17 MF Erhan Namlı
6%
2002-2003 4 DF Erman Güraçar
6%
2005-2006 4 DF Fabiano Eller
6%
2001-2002 14 DF Gökhan Kolomoç
6%
2000-2001 3 DF Igor-Sasa Nikolovski
6%
2003-2004 22 MF Maksim Romashchenko
6%
2000-2001 9 FW Murat Bölükbaş
6%
2002-2003 32 DF Mustafa Yalçınkaya
6%
2003-2004 32 DF Mustafa Yalçınkaya
6%
2004-2005 32 DF Mustafa Yalçınkaya
6%
2002-2003 10 MF Muzaffer Bilazer
6%
2002-2003 33 GK Osman Kurtuldu
6%
2004-2005 14 DF Özgür Bayer
6%
2001-2002 20 DF Patrick Villars
6%
2000-2001 12 GK Petar Milosevski
6%
2000-2001 32 DF Ramazan Özalp
6%
2000-2001 18 FW Rune Lange
6%
2001-2002 2 DF Santiago Salazar
6%
2001-2002 9 FW Şenol Erol
6%
2002-2003 3 DF Serkan Özsoy
6%
2000-2001 25 MF Tamer Tuna
6%
2003-2004 47 DF Volkan Bekiroğlu
6%
2004-2005 47 DF Volkan Bekiroğlu
6%
2005-2006 8 DF Volkan Bekiroğlu
6%
2000-2001 7 FW Zafer Demiray
6%
2001-2002 37 FW Zafer Demiray
6%
2000-2001 21 MF Zarko Serafimovski
6%
No matching quizzes found
Score Distribution
Percent of People with Each Score
Percentile by Number Answered
Your Score History
You have not taken this quiz